Héliová pretlaková kontrola tesnosti zvarov vybraných častí produktovodov : Diplomová práca

Saved in:
Bibliographic Details
Main Author: Ďurica, Pavel (Author)
Other Authors: Monček, Miroslav, 1942- (xxx)
Format: Manuscript Book
Language:Slovak
Published: Trnava : STU v Bratislave MtF KZv, 2002
Subjects:
Tags: Add Tag
No Tags, Be the first to tag this record!

MARC

LEADER 00000ntm a22000003a 4500
001 stu76149
005 20160719155025.4
008 020618s2002----xo------------------slo-d
040 |a STU  |b slo 
041 0 |a slo 
044 |a xo 
100 1 |a Ďurica, Pavel  |4 aut 
245 1 |a Héliová pretlaková kontrola tesnosti zvarov vybraných častí produktovodov :  |b Diplomová práca 
260 |a Trnava :  |b STU v Bratislave MtF KZv,  |c 2002 
300 |a 66 s  |c abstr. 
650 7 |a pretlakové kontroly  |2 stusub 
650 7 |a tesnosť zvarov  |2 stusub 
650 7 |a strojárske technológie  |2 stusub 
700 1 |a Monček, Miroslav,  |d 1942-  |4 xxx  |u M140  |T MTF Katedra zvárania  |X 1538  |U M140  |Y M140  |7 A000001538